| 000 | 00653cab a2200205 4500 | ||
|---|---|---|---|
| 001 | WB3201-55 | ||
| 008 | 090401t1995 xxu||||| |||| 00| 0 eng d | ||
| 035 | _a(Sirsi) u11660 | ||
| 041 | _aeng | ||
| 245 | _aLet down for London landlords | ||
| 260 | _c1995 | ||
| 350 | _a0 | ||
| 490 |
_aSunday Telegraph _v31 December 1995, R:14(1) |
||
| 520 | _aFollowing the collapse of London estate agent Marriotts a number of property owners are owed large sums of money from lost deposits and rent. | ||
| 650 | _aLETTING AGENTS | ||
| 650 | _aMARRIOTTS | ||
| 690 | _aMANAGEMENT-BUSINESS MANAGEMENT-PROFESSIONAL PRACTICE | ||
| 942 | _n0 | ||
| 948 | _c04/03/1997 | ||
| 999 |
_c7442 _d7442 |
||